Doing social research (Record no. 343443)

000 -LEADER
fixed length control field 00334 a2200145 4500
082 ## - DEWEY DECIMAL CLASSIFICATION NUMBER
Classification number 300.72
090 ## - LOCALLY ASSIGNED LC-TYPE CALL NUMBER (OCLC); LOCAL CALL NUMBER (RLIN)
-- 898
-- 898
100 ## - MAIN ENTRY--PERSONAL NAME
Personal name Baker Therese L
245 ## - TITLE STATEMENT
Title Doing social research
250 ## - EDITION STATEMENT
Edition statement 3rd ed
260 ## - PUBLICATION, DISTRIBUTION, ETC.
Place of publication, distribution, etc. Lahore
Name of publisher, distributor, etc. Allah Wala Prienters
Date of publication, distribution, etc. 2008
300 ## - PHYSICAL DESCRIPTION
Extent 528 p.
500 ## - GENERAL NOTE
General note Hardcover
942 ## - ADDED ENTRY ELEMENTS (KOHA)
Institution code [OBSOLETE] NBS
Koha item type Book
Call number prefix 300.72 BAK
Holdings
Withdrawn status Lost status Damaged status Not for loan Permanent Location Current Location Date acquired Total Checkouts Full call number Barcode Date last seen Date last checked out Price effective from Koha item type
        Central Library (CL) Central Library (CL) 08/28/2013 1 300.72 BAK NBSD-1211 03/08/2023 02/20/2015 08/28/2013 Book
© 2023 Central Library, National University of Sciences and Technology. All Rights Reserved.